| 000 | 01630cam a22002895a 4500 | ||
|---|---|---|---|
| 001 | K121112 | ||
| 008 | 170801s2019 xxk f 000 0 eng d | ||
| 020 | _a9781783215757 | ||
| 035 | _a(Sirsi) u159489 | ||
| 041 | 0 | _aeng | |
| 050 | 0 | 4 | _a692.3095 |
| 110 | 2 | _aInternational Construction Measurement Standards Coalition | |
| 240 | _aICMS | ||
| 245 | 0 | 0 |
_aInternational Construction Measurement Standards _bGlobal consistency in presenting construction costs |
| 250 | _a2 ed | ||
| 260 |
_aLondon _bICMSC _c2019 |
||
| 490 | 0 | _aRICS Guidance Note | |
| 520 | _aInternational Construction Measurement Standards (ICMS) aim to provide global consistency in classifying, defining, measuring, analysing and presenting entire construction costs at a project, regional, state, national or international level. This project is the first of its kind with global coverage and brings together 45 organisations from around the world to create shared international standards to create a new universal system that, for the first time, enables global comparison of construction project costs on a like-for-like basis between countries. Supersedes 1st ed ISBN 9781783211975 | ||
| 590 | _aKA | ||
| 650 | _aConstruction costs | ||
| 650 | _aICMS2 | ||
| 650 | _aLife cycle | ||
| 651 | 4 | _aInternational | |
| 690 |
_aMeasurement _96256 |
||
| 856 | 4 | 0 |
_uhttp://web.archive.org/web/20220316100721/https://www.rics.org/globalassets/rics-website/media/upholding-professional-standards/sector-standards/construction/international-construction-measurement-standards-2nd-edition-rics.pdf _zAvailable on the web archive here |
| 942 | _n0 | ||
| 999 |
_c121112 _d121112 |
||